Normal view
MARC view
- Arnold, Brian
Entry Personal Name
001 - CONTROL NUMBER
- control field: 63632
003 - CONTROL NUMBER IDENTIFIER
- control field: NUST
005 - DATE AND TIME OF LATEST TRANSACTION
- control field: 20210628203140.0
008 - FIXED-LENGTH DATA ELEMENTS
- fixed length control field: 210628|| aca||aabn | a|a d
040 ## - CATALOGING SOURCE
- Original cataloging agency: NUST
- Transcribing agency: NUST
100 ## - HEADING--PERSONAL NAME
- Personal name: Arnold, Brian
670 ## - SOURCE DATA FOUND
- Source citation: Work cat.: (NUST): Arnold, Brian, Physical processes , a visual approach, 2007
